Statystyki dla Polskie największe miasta na "Ż"

Kliknij tutaj aby rozwiązać quiz!

Ogólne statystyki

  • Ten quiz został rozwiązany 85 razy
  • Średni wynik to 4 z 7

Statystyki odpowiedzi

Odpowiedź% Poprawnych
Żory
85%
Żyrardów
74%
Żary
71%
Żagań
60%
Żywiec
58%
Żuromin
28%
Żarnów
22%

Rozkład punktacji

Percentyl według liczby udzielonych odpowiedzi

Procent ludzi z każdym wynikiem

Twoja historia wyników

Nie rozwiązałeś tego quizu